000 02008nam a22002777a 4500
999 _c23243
_d23243
003 Nust
005 20170516112427.0
008 170404b xxu||||| |||| 00| 0 eng d
040 _aDLC
_bDLC
_cRCMS
082 _a621.39 OPP
100 _aALAN V. OPPENHEM
_9296
245 _aDISCRETE-TIME SIGNAL PROCESSING
250 _a2nd ,ed
260 _aUSA
_bUNIVERSITY OF MASSACHUSETTS
_cc2009
300 _axxvi,870,p:
_bill:
_c26,cm.
538 _iShelf # 14, Row # 1, Communication.
650 _aElectrical Engineering
_9208
856 _3Table of Content Only
942 _cBK
_2ddc